| Tag |
First Indicator |
Second Indicator |
Subfields |
| LEADER |
00000cam a2200000 a 4500 |
| 001 |
in00000005977 |
| 005 |
20150927203241.0 |
| 008 |
990813s1999 couab b f000 0 eng d |
| 035 |
|
|
|a (OCoLC)42076159
|
| 035 |
|
|
|9 AJJ9994AM
|
| 040 |
|
|
|d GPO
|d DLC
|d MvI
|d UtOrBLW
|
| 043 |
|
|
|a n-us-co
|
| 049 |
|
|
|a UDOC
|
| 074 |
|
|
|a 0624-B
|
| 086 |
0 |
|
|a I 19.42/4:98-4229
|
| 100 |
1 |
|
|a Banta, Edward R.
|
| 245 |
1 |
0 |
|a Ground-water hydrology and simulation of five remediation alternatives for an area affected by uranium-mill effluent near Cañon City, Colorado /
|c by Edward R. Banta and Daniel T. Chafin ; prepared in cooperation with the Colorado Department of Public Health and Environment.
|
| 246 |
2 |
|
|a Ground water hydrology and simulation of five remediation alternatives for an area affected by uranium mill effluent near Cañon City, Colorado
|
| 264 |
|
1 |
|a Denver, Colo. :
|b U.S. Dept. of the Interior, U.S. Geological Survey :
|c 1999.
|
| 264 |
|
2 |
|a Denver, Colo. :
|b Information Services [distributor],
|
| 300 |
|
|
|a v, 95 pages :
|b illustrations (some color), maps (some color) ;
|c 28 cm.
|
| 336 |
|
|
|a text
|b txt
|2 rdacontent
|
| 337 |
|
|
|a unmediated
|b n
|2 rdamedia
|
| 338 |
|
|
|a volume
|b nc
|2 rdacarrier
|
| 490 |
1 |
|
|a Water-resources investigations report ;
|v 99-4229
|
| 500 |
|
|
|a Shipping list number: 99-0323-P.
|
| 504 |
|
|
|a Includes bibliographical references (pages 88-89).
|
| 650 |
|
0 |
|a Groundwater
|x Pollution
|z Colorado
|z Cañon City Region.
|
| 650 |
|
0 |
|a Uranium mines and mining
|x Environmental aspects
|z Colorado
|z Cañon City Region.
|
| 650 |
|
0 |
|a Hazardous waste site remediation
|z Colorado
|z Cañon City Region.
|
| 700 |
1 |
|
|a Chafin, Daniel T.
|
| 710 |
1 |
|
|a Colorado.
|b Department of Public Health and Environment.
|
| 710 |
2 |
|
|a Geological Survey (U.S.)
|
| 830 |
|
0 |
|a Water-resources investigations report ;
|v 99-4229.
|
| 999 |
|
|
|a MARS
|
| 999 |
f |
f |
|s ea6d6172-34ef-3ab4-bba4-1ed33f252f64
|i a34c933f-622a-3a1b-acaa-173e7023490c
|t 0
|
| 952 |
f |
f |
|p normal
|a Texas A&M University
|b College Station
|c Sterling C. Evans Library
|d Evans: US Documents (Annex 5th floor)
|t 0
|e I 19.42/4:98-4229
|h Superintendent of Documents classification
|i unmediated -- volume
|m A14824322992
|
| 998 |
f |
f |
|a I 19.42/4:98-4229
|t 0
|l Evans: US Documents (Annex 5th floor)
|